000 00344nam a2200133Ia 4500
008 240624s9999 xx 000 0 und d
041 _aeng
082 _a658.406 TID
100 _aTIDD JOE
245 _aMANAGING INNOVATION INTERGRATING TECHNOL
260 _c2006
_aNew Delhi
_bJohn Wiley
300 _axviii, : 582 : p. : cm. ; 24
365 _cRS
999 _c4141
_d4141